| 000 | 00625nam a2200181Ia 4500 | ||
|---|---|---|---|
| 005 | 20250423094423.0 | ||
| 008 | 250422s9999 xx 000 0 und d | ||
| 020 | _a9781032441214 | ||
| 050 | _aPN 1995.9 .S62 .G73/ | ||
| 100 | _aGrĨki, David | ||
| 245 | 3 | _aAn epistemology of criminological cinema | |
| 260 | _aNew York | ||
| 260 | _bRoutledge | ||
| 260 | _c2024 | ||
| 300 | _aVii, 132p.: | ||
| 650 | _aFight club (Motion picture) Us (Motion picture) Game of thrones (Television program) Social problems in motion pictures. Social problems on television. Crime in motion pictures. Crime on television. | ||
| 942 | _cBK | ||
| 999 |
_c27184 _d27184 |
||